| 000 | 01120nam2a22002531 4500 | ||
|---|---|---|---|
| 001 | rc\80166 | ||
| 005 | 20250620194004.0 | ||
| 010 | _a5-86402-037-0 | ||
| 035 | _a(NLR Aleph) 005390751 | ||
| 090 |
_a7184841 _c7184841 |
||
| 100 | _a20021216d1995 |||y0rusy50 ca | ||
| 101 | 0 | _arus | |
| 102 | _aRU | ||
| 105 | _aa ||||||||| | ||
| 200 | 1 |
_aПоследняя битва дакотов _fПер. М. Ильюшиной |
|
| 210 |
_d1995 _aБ. м. |
||
| 215 |
_a362, [2] с. _cил. |
||
| 320 | _aБиблиогр.: с. 362-363 | ||
| 461 | 0 |
_1001rc\80163 _12001#$aЗолото черных гор$e[Индейс. трилогия]$eПер. с пол.$fКристина и Альфред Шклярские$v[Т. 3] _1700#1$aШклярская$bК.$gКристина _97184817 _aШклярская, К. _cВологда _d1995 _fКристина и Альфред Шклярские _nПФ "Полиграфист" _o[Индейс. трилогия] : Пер. с пол. _tЗолото черных гор _v[Т. 3] |
|
| 801 | 0 |
_aRU _bNLR _gpsbo |
|
| 801 | 1 |
_aRU _bELAR _2rusmarc |
|
| 852 |
_aNLR _j96-3/6161 |
||
| 942 | _cBOOK | ||
| 980 | _aNB | ||